[Event "Titled Tuesday intern op 23rd Apr Late"]
[Site "Chess.com INT"]
[Date "2024.04.23"]
[Round "7"]
[White "Hajiyev, Kanan"]
[Black "Shirov, Alexei"]
[Result "0-1"]
[WhiteElo "2099"]
[BlackElo "2661"]
[PlyCount "82"]
[EventDate "2024.04.23"]
[EventType "swiss (blitz)"]
[EventRounds "11"]
[EventCountry "USA"]
[SourceTitle "CB18_2024"]
[SourceDate "2024.05.01"]
[SourceVersion "1"]
[SourceVersionDate "2024.05.01"]
[SourceQuality "2"]

1. d4 d5 2. Nf3 Nf6 3. c4 c6 4. cxd5 cxd5 5. Nc3 Nc6 6. Bg5 Ne4 7. Bf4 Nxc3 8. bxc3 g6 9. e3 Bg7 10. Bd3 0-0 11. 0-0 Bg4 12. h3 Bxf3 13. Qxf3 Rc8 14. e4 e5 15. dxe5 Nxe5 16. Bxe5 Bxe5 17. exd5 Rxc3 18. Rac1 Rxc1 19. Rxc1 Bd6 20. Rb1 Qc7 21. Qe4 Rc8 22. h4 h5 23. Qe3 b6 24. Ba6 Rd8 25. Bb5 Qc2 26. Qb3 Qf5 27. Qd3 Qe5 28. g3 Bc5 29. Bc6 Rd6 30. Kg2 Rf6 31. Rf1 Qb2 32. a4 Rxf2+ 33. Rxf2 Qxf2+ 34. Kh3 Bd6 35. Qc3 Qf1+ 36. Kh2 Qf2+ 37. Kh3 Kh7 38. Qd3 Kh6 39. Bb5 f6 40. Bc6 g5 41. hxg5+ fxg5 0-1

[Event "Titled Tuesday intern op 23rd Apr Late"]
[Site "Chess.com INT"]
[Date "2024.04.23"]
[Round "2"]
[White "Korol, Dimitry"]
[Black "Hajiyev, Kanan"]
[Result "0-1"]
[WhiteElo "2287"]
[BlackElo "2099"]
[PlyCount "90"]
[EventDate "2024.04.23"]
[EventType "swiss (blitz)"]
[EventRounds "11"]
[EventCountry "USA"]
[SourceTitle "CB18_2024"]
[SourceDate "2024.05.01"]
[SourceVersion "1"]
[SourceVersionDate "2024.05.01"]
[SourceQuality "2"]

1. d4 d5 2. c4 c6 3. Nc3 Nf6 4. e3 a6 5. Nf3 Bf5 6. Bd3 Bxd3 7. Qxd3 e6 8. 0-0 Bb4 9. Bd2 0-0 10. Rfd1 a5 11. Ne2 Bd6 12. Nc3 Nbd7 13. e4 dxe4 14. Nxe4 Nxe4 15. Qxe4 Qf6 16. Bg5 Qg6 17. Qe2 h6 18. Bh4 Rfe8 19. Bg3 Bxg3 20. hxg3 a4 21. Rd3 Ra5 22. Rad1 Nf6 23. Ne5 Qf5 24. Rf3 Qh5 25. Qd2 Raa8 26. Qf4 Red8 27. Rfd3 a3 28. b3 Qg5 29. Qxg5 hxg5 30. g4 Rd6 31. f3 Rad8 32. Kf2 Ne8 33. c5 Rd5 34. Nc4 Ra8 35. Ke3 Ra6 36. b4 Rd8 37. Rxa3 Rxa3+ 38. Nxa3 Ra8 39. Rd3 Nc7 40. Rb3 Ra4 41. Kd3 Nd5 42. Kc4 Kf8 43. g3 Ke7 44. Kd3 Rxb4 45. Rxb4 Nxb4+ 0-1

[Event "Titled Tuesday intern op 16th Apr Late"]
[Site "Chess.com INT"]
[Date "2024.04.16"]
[Round "11"]
[White "Akhayan, Ruben"]
[Black "Hajiyev, Kanan"]
[Result "0-1"]
[WhiteElo "2260"]
[BlackElo "2099"]
[PlyCount "116"]
[EventDate "2024.04.16"]
[EventType "swiss (blitz)"]
[EventRounds "11"]
[EventCountry "USA"]
[SourceTitle "CB17_2024"]
[SourceDate "2024.04.24"]
[SourceVersion "1"]
[SourceVersionDate "2024.04.24"]
[SourceQuality "1"]

1. e4 c6 2. d4 d5 3. Nc3 a6 4. Nf3 Bg4 5. h3 Bh5 6. g4 Bg6 7. exd5 cxd5 8. Ne5 Nc6 9. Nxg6 hxg6 10. Bg2 e6 11. 0-0 Bb4 12. Ne2 Nf6 13. c3 Ba5 14. Bf4 Bc7 15. Bxc7 Qxc7 16. Qd3 Nxg4 17. Rfe1 Qh2+ 18. Kf1 Nf6 19. Ng3 Rxh3 20. Bxh3 Qxh3+ 21. Kg1 Ng4 22. Qf3 Qh2+ 23. Kf1 Qh4 24. Qxd5 Qf6 25. Ne4 Qf4 26. Qd6 Qf5 27. Qxc6+ bxc6 28. Nd6+ Kd7 29. Nxf5 gxf5 30. Kg2 g5 31. Rh1 Nf6 32. Rh6 Ke7 33. Rah1 Rb8 34. b3 a5 35. Rh8 Ne8 36. f3 c5 37. Rg8 cxd4 38. cxd4 Rb4 39. Rd1 Nf6 40. Rxg5 Nd5 41. Kf2 a4 42. Rd3 Rb8 43. Rg1 Nf4 44. Rc3 Nh3+ 45. Kg2 Nxg1 46. Kxg1 axb3 47. axb3 Rb4 48. Rd3 Kd6 49. Kf2 f4 50. Kg2 Kd5 51. Rc3 Kxd4 52. Rc7 f5 53. Re7 e5 54. Rf7 Rxb3 55. Rxf5 Rb2+ 56. Kh3 Rf2 57. Kg4 Rg2+ 58. Kh4 Rg3 0-1

[Event "Titled Tuesday intern op 16th Apr Late"]
[Site "Chess.com INT"]
[Date "2024.04.16"]
[Round "7"]
[White "Hajiyev, Kanan"]
[Black "Senft, Sean"]
[Result "1-0"]
[WhiteElo "2099"]
[BlackElo "2054"]
[PlyCount "109"]
[EventDate "2024.04.16"]
[EventType "swiss (blitz)"]
[EventRounds "11"]
[EventCountry "USA"]
[SourceTitle "CB17_2024"]
[SourceDate "2024.04.24"]
[SourceVersion "1"]
[SourceVersionDate "2024.04.24"]
[SourceQuality "1"]

1. d4 d5 2. Nf3 Nf6 3. c4 c6 4. cxd5 cxd5 5. Nc3 Nc6 6. Bg5 a6 7. Bxf6 gxf6 8. Qb3 e6 9. e3 Rb8 10. Bd3 Bd6 11. 0-0 Bd7 12. e4 dxe4 13. Nxe4 Be7 14. d5 Ne5 15. Nxe5 fxe5 16. d6 Bg5 17. Nxg5 Qxg5 18. Rac1 0-0 19. Be4 f5 20. Rc7 fxe4 21. Rxd7 Rf6 22. Rxb7 Rbf8 23. Qg3 Qxg3 24. hxg3 e3 25. f3 e4 26. f4 e5 27. d7 exf4 28. gxf4 Rd6 29. g3 Rd8 30. Re1 R6xd7 31. Rxd7 Rxd7 32. Rxe3 Rd2 33. Rxe4 Rxb2 34. Ra4 Rb6 35. Kf2 Kf7 36. Kf3 h5 37. Ra5 Kg6 38. Rg5+ Kh6 39. a4 Rb3+ 40. Kg2 h4 41. gxh4 Rb4 42. Ra5 Rxf4 43. Rxa6+ Kh5 44. Kg3 Rb4 45. a5 Rb3+ 46. Kf4 Rb4+ 47. Ke5 Kxh4 48. Kd5 Kg5 49. Kc5 Rb1 50. Rb6 Rc1+ 51. Kb5 Kf5 52. a6 Ra1 53. Kc6 Ke6 54. Kb7+ Kd7 55. a7 1-0

[Event "Titled Tuesday intern op 16th Apr Early"]
[Site "Chess.com INT"]
[Date "2024.04.16"]
[Round "5"]
[White "Khromkin, Andrey"]
[Black "Hajiyev, Kanan"]
[Result "1/2-1/2"]
[WhiteElo "2191"]
[BlackElo "2099"]
[PlyCount "70"]
[EventDate "2024.04.16"]
[EventType "swiss (blitz)"]
[EventRounds "11"]
[EventCountry "USA"]
[SourceTitle "CB17_2024"]
[SourceDate "2024.04.24"]
[SourceVersion "1"]
[SourceVersionDate "2024.04.24"]
[SourceQuality "1"]

1. d4 d5 2. c4 c6 3. Nf3 Nf6 4. cxd5 cxd5 5. Nc3 a6 6. Bf4 Nc6 7. Ne5 Qb6 8. Nxc6 Qxc6 9. e3 Bf5 10. Bd3 Bxd3 11. Qxd3 e6 12. 0-0 Bd6 13. Bg5 0-0 14. Bxf6 gxf6 15. f4 f5 16. g4 fxg4 17. f5 Qc4 18. Qd1 h5 19. h3 Kh8 20. Qe1 Rg8 21. Qh4 gxh3+ 22. Kh1 Rg7 23. Rg1 Rag8 24. Qxh5+ Rh7 25. Rxg8+ Kxg8 26. Rg1+ Rg7 27. Rxg7+ Kxg7 28. Qg5+ Kh7 29. Qh5+ Kg7 30. Qg5+ Kh7 31. f6 Bf8 32. Qh5+ Kg8 33. Qg5+ Kh7 34. Qh5+ Kg8 35. Qg5+ Kh7 1/2-1/2

[Event "Titled Tuesday intern op 16th Apr Early"]
[Site "Chess.com INT"]
[Date "2024.04.16"]
[Round "9"]
[White "Parfenov, Viktor N"]
[Black "Hajiyev, Kanan"]
[Result "1-0"]
[WhiteElo "2193"]
[BlackElo "2099"]
[PlyCount "135"]
[EventDate "2024.04.16"]
[EventType "swiss (blitz)"]
[EventRounds "11"]
[EventCountry "USA"]
[SourceTitle "CB17_2024"]
[SourceDate "2024.04.24"]
[SourceVersion "1"]
[SourceVersionDate "2024.04.24"]
[SourceQuality "1"]

1. e4 c6 2. d4 d5 3. e5 a6 4. c4 Bf5 5. Nc3 e6 6. c5 f6 7. f4 a5 8. Bd3 Nh6 9. Nf3 b6 10. cxb6 Qxb6 11. 0-0 Nd7 12. Kh1 Be7 13. Bxf5 Nxf5 14. g4 Nh6 15. h3 f5 16. Ng5 c5 17. Be3 c4 18. b3 cxb3 19. Rb1 a4 20. axb3 a3 21. b4 0-0 22. Na4 Qc6 23. Nc5 a2 24. Ra1 Nxc5 25. bxc5 Ra3 26. Qc1 Rd3 27. Rd1 Qa6 28. Rxd3 Qxd3 29. Qd2 Qxd2 30. Bxd2 fxg4 31. hxg4 Bxg5 32. fxg5 Nxg4 33. Rxa2 Rf2 34. c6 Rf8 35. c7 Rc8 36. Ba5 Kf7 37. Rb2 Ke8 38. Rb6 Kd7 39. Rd6+ Ke7 40. Rd8 Rxc7 41. Bxc7 Nf2+ 42. Kg2 Ne4 43. Rg8 Kf7 44. Ra8 Nxg5 45. Ra7 Ne4 46. Bd6+ Kg6 47. Bf8 h5 48. Rxg7+ Kf5 49. Rh7 Kg4 50. Rg7+ Kf4 51. Be7 Ke3 52. Bc5 Kf4 53. Rf7+ Kg5 54. Re7 Kf5 55. Ra7 Ng5 56. Kg3 Ne4+ 57. Kh4 Kg6 58. Ra6 Kf5 59. Kxh5 Ng3+ 60. Kh6 Ne4 61. Kg7 Nc3 62. Kf7 Ne2 63. Ke7 Nf4 64. Kd6 Ng6 65. Ra8 Nf4 66. Rf8+ Ke4 67. Rxf4+ Kxf4 68. Kxe6 1-0

[Event "Titled Tuesday intern op 12th Mar Late"]
[Site "Chess.com INT"]
[Date "2024.03.12"]
[Round "5"]
[White "Djokic, Mihailo"]
[Black "Hajiyev, Kanan"]
[Result "1-0"]
[WhiteElo "2139"]
[BlackElo "2104"]
[PlyCount "93"]
[EventDate "2024.03.12"]
[EventType "swiss (blitz)"]
[EventRounds "11"]
[EventCountry "USA"]
[SourceTitle "CB12_2024"]
[SourceDate "2023.10.01"]
[SourceVersion "1"]
[SourceVersionDate "2023.10.01"]
[SourceQuality "1"]

1. e4 c6 2. d4 d5 3. e5 a6 4. Nf3 Bg4 5. Be2 e6 6. Nbd2 c5 7. c3 Nc6 8. 0-0 cxd4 9. cxd4 Nge7 10. Nb3 Nf5 11. Be3 Be7 12. Rc1 0-0 13. Qd2 Qb6 14. h3 Bxf3 15. Bxf3 Nxe3 16. fxe3 a5 17. Nc5 Bxc5 18. Rxc5 f5 19. Rfc1 Rac8 20. Be2 Qb4 21. Qxb4 axb4 22. Bb5 Kf7 23. Bxc6 bxc6 24. Rxc6 Rxc6 25. Rxc6 Ra8 26. Rc7+ Kf8 27. Rb7 Rxa2 28. Rxb4 h5 29. Kf2 h4 30. Ke2 g5 31. Rb7 Ra1 32. Kf2 Ra2 33. Kf3 Ra1 34. b4 Rf1+ 35. Ke2 Rg1 36. Kf2 Rb1 37. b5 Kg8 38. Re7 Rb2+ 39. Kf3 Rxb5 40. Rxe6 Kg7 41. Rf6 g4+ 42. hxg4 fxg4+ 43. Kxg4 Rb3 44. Rf3 Rb2 45. Kh3 Ra2 46. Kxh4 Rxg2 47. Rg3+ 1-0

[Event "Titled Tuesday intern op 12th Mar Late"]
[Site "Chess.com INT"]
[Date "2024.03.12"]
[Round "6"]
[White "Hajiyev, Kanan"]
[Black "Melillo, Lucius"]
[Result "0-1"]
[WhiteElo "2104"]
[BlackElo "2274"]
[PlyCount "50"]
[EventDate "2024.03.12"]
[EventType "swiss (blitz)"]
[EventRounds "11"]
[EventCountry "USA"]
[SourceTitle "CB12_2024"]
[SourceDate "2023.10.01"]
[SourceVersion "1"]
[SourceVersionDate "2023.10.01"]
[SourceQuality "1"]

1. d4 d5 2. Nf3 Nf6 3. c4 c6 4. Nc3 e6 5. cxd5 exd5 6. Bg5 Be7 7. Qc2 g6 8. e3 Bf5 9. Bd3 Bxd3 10. Qxd3 Nbd7 11. Bh6 Ng4 12. Bf4 Ngf6 13. 0-0 0-0 14. Rab1 a5 15. a3 a4 16. Qc2 Nb6 17. Ne5 Bd6 18. Rfc1 Re8 19. h3 Qe7 20. b4 Nfd7 21. Nxd7 Qxd7 22. Bxd6 Qxd6 23. Ra1 Nc4 24. Nxa4 b5 25. Nb2 Nxa3 0-1

[Event "Titled Tuesday intern op 12th Mar Late"]
[Site "Chess.com INT"]
[Date "2024.03.12"]
[Round "10"]
[White "Skaric, Djuro"]
[Black "Hajiyev, Kanan"]
[Result "1/2-1/2"]
[WhiteElo "2297"]
[BlackElo "2104"]
[PlyCount "107"]
[EventDate "2024.03.12"]
[EventType "swiss (blitz)"]
[EventRounds "11"]
[EventCountry "USA"]
[SourceTitle "CB12_2024"]
[SourceDate "2023.10.01"]
[SourceVersion "1"]
[SourceVersionDate "2023.10.01"]
[SourceQuality "1"]

1. Nf3 d5 2. g3 Nf6 3. Bg2 g6 4. 0-0 Bg7 5. d3 0-0 6. c4 c5 7. Nc3 Nc6 8. e4 dxc4 9. dxc4 Qxd1 10. Rxd1 Be6 11. Nd5 Nxe4 12. Nc7 Rad8 13. Re1 Nf6 14. Nxe6 fxe6 15. Rxe6 Rd1+ 16. Re1 Rxe1+ 17. Nxe1 Ng4 18. Nd3 Bd4 19. Bd5+ Kg7 20. Bg5 Nxf2 21. Nxf2 Rxf2 22. Kh1 e5 23. Rd1 Rxb2 24. Rd3 h6 25. Be3 Rxa2 26. Bxd4 cxd4 27. Rb3 Na5 28. Rf3 h5 29. h4 a6 30. Rf7+ Kh6 31. Rd7 Rf2 32. Bg8 g5 33. Rd6+ Kg7 34. Bd5 gxh4 35. gxh4 d3 36. Be4 d2 37. Kg1 Re2 38. Bf3 Re1+ 39. Kf2 e4 40. Be2 e3+ 41. Kxe3 d1Q 42. Rxd1 Rxd1 43. Bxd1 Nxc4+ 44. Kf4 Kh6 45. Ke4 b5 46. Kd4 Nb2 47. Bc2 a5 48. Kc5 a4 49. Kxb5 a3 50. Bb3 Nd3 51. Ka4 Nf4 52. Kxa3 Ng2 53. Bd1 Nxh4 54. Bxh5 1/2-1/2

[Event "Titled Tuesday intern op 12th Mar Late"]
[Site "Chess.com INT"]
[Date "2024.03.12"]
[Round "3"]
[White "Wu, Derek"]
[Black "Hajiyev, Kanan"]
[Result "1-0"]
[WhiteElo "2295"]
[BlackElo "2104"]
[PlyCount "65"]
[EventDate "2024.03.12"]
[EventType "swiss (blitz)"]
[EventRounds "11"]
[EventCountry "USA"]
[SourceTitle "CB12_2024"]
[SourceDate "2023.10.01"]
[SourceVersion "1"]
[SourceVersionDate "2023.10.01"]
[SourceQuality "1"]

1. e4 c6 2. d4 d5 3. Nc3 a6 4. Nf3 Bg4 5. h3 Bh5 6. exd5 cxd5 7. g4 Bg6 8. Ne5 Nc6 9. h4 Nxe5 10. dxe5 h5 11. Bg2 e6 12. Be3 Ne7 13. gxh5 Bxh5 14. Bf3 Bg6 15. h5 Bf5 16. Ne2 Qa5+ 17. c3 Nc6 18. Nd4 Nxd4 19. Qxd4 b5 20. 0-0 Rc8 21. a4 b4 22. cxb4 Bxb4 23. Rac1 0-0 24. h6 g6 25. Qh4 f6 26. Rxc8 Rxc8 27. Qxf6 Bf8 28. h7+ Kxh7 29. Qf7+ Bg7 30. Kg2 Bh3+ 31. Kxh3 Rc4 32. Rh1 Qxa4 33. Kg3+ 1-0

[Event "Titled Tuesday intern op 27th Feb Late"]
[Site "Chess.com INT"]
[Date "2024.02.27"]
[Round "2"]
[White "Bazzano, Sebastian"]
[Black "Hajiyev, Kanan"]
[Result "1-0"]
[WhiteElo "2288"]
[BlackElo "2081"]
[PlyCount "75"]
[EventDate "2024.02.27"]
[EventType "swiss (blitz)"]
[EventRounds "11"]
[EventCountry "USA"]
[SourceTitle "CB10_2024"]
[SourceDate "2024.03.06"]
[SourceVersion "1"]
[SourceVersionDate "2024.03.06"]
[SourceQuality "1"]

1. d4 d5 2. Bf4 c5 3. e4 cxd4 4. Qxd4 Nc6 5. Qxd5 Qxd5 6. exd5 Nb4 7. Na3 Nxd5 8. Bb5+ Bd7 9. Bxd7+ Kxd7 10. 0-0-0 Kc6 11. Bg3 e6 12. Nf3 Bxa3 13. Ne5+ Kc5 14. Nxf7 Bb4 15. Nxh8 Nh6 16. a3 Ba5 17. b4+ Bxb4 18. axb4+ Kxb4 19. Rhe1 Rxh8 20. Rxe6 Nc3 21. Rd7 b5 22. Rxa7 Nf5 23. Be5 Nd5 24. g4 Nh4 25. Bxg7 Rc8 26. Kb2 Nf3 27. c3+ Kc4 28. Re4+ Kc5 29. Bd4+ Kc4 30. Be3+ Kd3 31. Re6 Nxc3 32. Rd7+ Kc4 33. Ree7 Na4+ 34. Ka3 b4+ 35. Kxa4 Ra8+ 36. Ra7 Rd8 37. Red7 Re8 38. Rac7# 1-0

[Event "Titled Tuesday intern op 13th Feb Early"]
[Site "Chess.com INT"]
[Date "2024.02.13"]
[Round "2"]
[White "Abdi, Farzad"]
[Black "Hajiyev, Kanan"]
[Result "0-1"]
[WhiteElo "2068"]
[BlackElo "2081"]
[PlyCount "66"]
[EventDate "2024.02.13"]
[EventType "swiss (blitz)"]
[EventRounds "11"]
[EventCountry "USA"]
[SourceTitle "CB08_2024"]
[SourceDate "2024.02.21"]
[SourceVersion "1"]
[SourceVersionDate "2024.02.21"]
[SourceQuality "1"]

1. d4 d5 2. c4 c6 3. cxd5 cxd5 4. Nc3 Nf6 5. Bf4 a6 6. e3 Nc6 7. Bd3 Bg4 8. Nf3 e6 9. Qb3 Na5 10. Qa4+ Nc6 11. Ne5 Qb6 12. 0-0 Be7 13. Nxg4 Nxg4 14. f3 Nf6 15. Nb5 0-0 16. Nc3 Qxb2 17. Rfc1 Qa3 18. Qd1 Rfc8 19. Na4 Nb4 20. Bf1 Nh5 21. Nb6 Rxc1 22. Rxc1 Re8 23. Be5 Qxe3+ 24. Kh1 Nc6 25. Bc7 Qxd4 26. Nd7 Qxd1 27. Rxd1 Rc8 28. Bb6 Nf6 29. Nc5 Bxc5 30. Bxc5 h6 31. Bb6 Nb4 32. a3 Rc6 33. Bd4 Nc2 0-1